01226cam a2200301 a 4500001001400000003000800014005001700022006001900039007001500058008004100073020003800114040003000152050002400182082002000206100002300226245007500249260005200324300004400376520016900420504005100589521001700640588004700657650004300704655002900747710001600776776003500792856009700827EDZ0000082917StDuBDS20161031105212.0m||||||||d||||||||cr |||||||||||120427s2010 caua fo| 001|0|eng|d a9781446251164 (ebook) :cNo price aStDuBDSbengcStDuBDSepn 0aLB1731.4b.G46 201004a371.10209412231 aGeorge, Stephanie.14aThe learning mentor manualh[electronic resource] /cStephanie George. aLos Angeles, [Calif.] ;aLondon :bSAGE,c2010. a1 online resource (xiv, 104 p.) :bill.8 aThis practical book is designed to help those new to the learning mentor role avoid common pitfalls, and to help those with more experience to develop their skills. aIncludes bibliographical references and index. aSpecialized. aDescription based on print version record. 0aMentoring in educationzGreat Britain. 7aElectronic books.2local2 aSage eBooks08iPrint version :z978141294773240uhttp://ezproxy.alfaisal.edu/login?url=http://sk.sagepub.com/books/the-learning-mentor-manual